| 000 | 00904nam a2200265 a 4500 | ||
|---|---|---|---|
| 001 | 36192 | ||
| 003 | BD-RjUL | ||
| 005 | 20211209052440.0 | ||
| 008 | 140617s1974 enk 000 0 eng d | ||
| 020 | _a0710078420 (Routledge) | ||
| 020 | _a0802021743 (Toronto) | ||
| 035 | _a(BD-RjUL)36289 | ||
| 040 |
_aBD-RjUL _cBD-RjUL _beng |
||
| 041 | _aeng | ||
| 082 | 0 | 4 |
_a320.4309 _bBES 1974 |
| 100 | 1 |
_aBenecke, Gerhard. _9110134 |
|
| 245 | 1 | 0 |
_aSociety and politics in Germany, 1500-1750 / _cG. Benecke. |
| 260 |
_aLondon : _bRoutledge and Kegan Paul ; _aToronto : _bUniversity of Toronto Press, _c1974. |
||
| 300 |
_axi, 436 p. : _bill. ; _c21 cm. |
||
| 490 | 1 | _aStudies in social history | |
| 504 | _aBibliography p. 405-422. and Index | ||
| 650 | 0 |
_aSociety and Politics _zGermany _xHistory _y1500-1750. _9110135 |
|
| 830 | 0 |
_aStudies in social history (Routledge & Kegan Paul) _9110139 |
|
| 942 |
_2ddc _cBK |
||
| 999 |
_c36192 _d36192 |
||